Представление документа в формате RUSMARC

ПолеНазваниеЗначение
  Тип записи a
  Библиографический уровень m
001 Контрольный номер RU/REG73/CBS_GRAD/1/712801730
005 Дата корректировки 20221122154836.1
010 Индекс ISBN __
a ISBN 978-5-91671-977-2
101 Язык документа __
a Язык текста rus
200 Заглавие и сведения об ответственности __
a Заглавие Пить или не пить?
e Сведения, относящиеся к заглавию Новая наука об алкоголе и вашем здоровье
f Первые сведения об ответственности Дэвид Натт ; перевод Галины Бородиной
b Общее обозначение материала Текст
203 Вид содержания и тип средства __
a Вид содержания Текст (визуальный) : непосредственный
210 Выходные данные __
a Место издания Москва
c Издательство Альпина нон-фикшн
d Дата издания 2021
215 Физическое описание __
a Объем 326 с.
686 Индексы других классификаций __
a Классификационный индекс 51.204.0
700 Автор __
a Фамилия Натт
g Полное личное имя Дэвид
801 Источник записи _1
a Страна RU
b Организация RuCBSGrad
901 Тип документа __
t Тип документа m
981 __
b i
g e
2 isbdcontent
982 __
b n
2 isbdmedia
993 __
a 149308
b 44699
e 290595
f ЦГБ
h 611.48
i 290595
m 1
n 44775
o I
x 1
y 6
993 __
a 149309
b 44699
e 290596
f ЦГБ
h 611.48
i 290596
m 1
n 44775
o I
x 1
y 6